000 00866cam a22002054a 4500
005 20250605163936.0
008 250528s ||||||||||||||||||||||||d
035 _a14859
020 _a415012473
040 _aGR-AtMCL
_bgre
_dGR-AtMCL
_eAACR2
245 1 _aPopular Culture in Modern France : A Study of Cultural Discourse
250 _aFIRST
260 _bRouledge,
_c1991
300 _a228
520 _aAcknowledgements, From High Culture to Ordinary Culture, Popular Culture and Popular Education: Leisure and Work and Culture, Culture and the Working Class and Working-Class Culture, Popular Culture as Barbaric Culture: The Sociology of Pierre Bourdieu, Culture and the State and 1968, Mass Culture and Pop Culture and Pluralism, Note, Bibliography, Index.
700 1 _aRigby Brian
_9632
942 _cBK
999 _c470
_d470